| 000 | 00701nam a22001937a 4500 | ||
|---|---|---|---|
| 999 |
_c181393 _d181393 |
||
| 005 | 20210910154708.0 | ||
| 010 | _aENG-129911 | ||
| 020 |
_a978-93-8999-146-8 _c2995.00 |
||
| 035 | _a EN-113443 | ||
| 037 | _bDBAD/PUB | ||
| 082 | _a346.540666 | ||
| 100 | _dKothari,Vinod | ||
| 245 |
_aSecuritisation : _cby Vinod Kothari _bAsset Reconstruction and Enforcement of security Interests/ |
||
| 250 | _a6th ed. | ||
| 260 |
_bLexis Nexis _aIndia _c2020 |
||
| 270 |
_bGurgaon _e122002 _a14th Floor , Building No 10, Tower-B, DLF Cyber City, phase -ll _k+91 124 4774444 _l+91 124 4774100 _mhelp.in@lexisnexis.com |
||
| 300 |
_axxxvii,1219p. _c25cm(hbk) |
||
| 942 |
_2ddc _cEN _h346.540666 _mKOT |
||